تخطي إلى المحتوى

Управление цифровой трансформацией организации в условиях становления экономики данных Монография

Монография посвящена проблеме управления цифровой трансформацией организации в условиях формирования цифровой экосистемы современной экономики. Цифровая трансформация социально-экономических систем деловой сферы и жизни социума в последние годы стала доминирующей в российском обществе ускоряя коммер...

وصف كامل

محفوظ في:
التفاصيل البيبلوغرافية
المؤلف الرئيسي: Грошев И.В
التنسيق: Монография
الطبعة:1
سلاسل:Научная мысль
الوصول للمادة أونلاين:https://znanium.ru/catalog/document?id=456202
https://znanium.ru/cover/2150/2150883.jpg
الوسوم: إضافة وسم
لا توجد وسوم, كن أول من يضع وسما على هذه التسجيلة!
LEADER 05334nam0a2200349 i 4500
001 RU\infra-m\znanium\bibl\2150883
003 https://znanium.ru/catalog/document?id=456202
005 20250408000000.0
010 |a 978-5-16-019990-0 
010 |a 978-5-16-112542-7  |b электр. издание 
100 |a 20250408d2024 m y0rusy0150 ca 
101 0 |a rus 
102 |a RU 
200 1 |a Управление цифровой трансформацией организации в условиях становления экономики данных  |e Монография  |f Научно-исследовательский институт образования и науки  |g Национальный исследовательский центр "Курчатовский институт" 
205 |a 1 
210 1 |a Москва  |c ООО "Научно-издательский центр ИНФРА-М"  |d 2025 
215 |a 170 с. 
225 1 |a Научная мысль 
330 |a Монография посвящена проблеме управления цифровой трансформацией организации в условиях формирования цифровой экосистемы современной экономики. Цифровая трансформация социально-экономических систем деловой сферы и жизни социума в последние годы стала доминирующей в российском обществе ускоряя коммерческое и деловое взаимодействие «разгоняя» экономику формируя новые коммуникационные потоки. В основу положена методология комплексного подхода и системного анализа. Теоретической основой явились публикации отечественных и зарубежных ученых и практиков центральной проблематикой которых является разработка теоретико-методических и практических подходов к управлению цифровой трансформацией организации. В качестве методов исследования выбраны методы сравнительного анализа метод экспертных оценок нормативный и логический методы. Проведен анализ способов механизмов инструментов и иных аспектов актуализации трека цифровой трансформации российских организаций и компаний. На основании и обобщении полученных результатов исследования разработан компетентностно-управленческий подход к цифровой трансформации организации и предложена системная модель ее цифровой трансформации обоснован методический подход к факторно-компетентностной оценке уровня цифровой готовности организаций сформулированы практические рекомендации по внедрению системных цифровых организационных инициатив. Предназначена для руководителей специалистов и экономистов исследующих вопросы связанные с цифровой проблематикой аспирантов и магистрантов занимающихся исследованиями в области цифровой экономики а также всех тех кому интересна данная научная область. 
333 |a Дополнительное профессиональное образование 
606 |a Управление (менеджмент)  |x Организация производства на предприятии  |2 local 
608 |a Монография  |2 local 
675 |a 658(075.4)  |z rus 
686 |a 65стд1-21  |2 rubbk 
686 |a 38.03.01  |2 okso 
686 |a 38.04.01  |2 okso 
700 1 |a Грошев  |b И.В.  |g Игорь Васильевич  |p Научно-исследовательский институт образования и науки 
701 1 |a Жерегеля  |b А.В.  |g Андрей Васильевич  |p Национальный исследовательский центр "Курчатовский институт" 
712 0 2 |a Национальный исследовательский центр "Курчатовский институт" 
801 0 |a RU  |b Общество с ограниченной ответственностью «ЗНАНИУМ»  |c 20240415  |2 rusmarc 
856 4 |a znanium.ru  |m ebs_support@infra-m.ru  |n НИЦ ИНФРА-М  |u https://znanium.ru/catalog/document?id=456202 
856 4 1 |a znanium.ru  |d /cover/2150  |f 2150883.jpg  |q image/jpeg  |u https://znanium.ru/cover/2150/2150883.jpg